| 000 | 00568nam a2200181Ia 4500 | ||
|---|---|---|---|
| 008 | 140626s9999 xx 000 0 und d | ||
| 100 | _aSkott, Jeppe. | ||
| 245 |
_aTheoretical loops in mathematics education : _b theory-practice relationships, revisited / _cJeppe Skott. |
||
| 260 | _cc2009. | ||
| 300 | _a1 : 2, page 88 | ||
| 440 | _aThe Asian Journal of Educational Research and Synergy | ||
| 521 | _aSPED | ||
| 650 | _aBeginning teachers. | ||
| 650 | _aFilipino it educators. | ||
| 650 | _aSocialization. | ||
| 650 | _aTeacher collegiality. | ||
| 942 | _cSE | ||
| 999 |
_c120935 _d120935 |
||